Países de Asia - ¡Muerte súbita! - Estadísticas

Estadísticas generales
  • Esta prueba ha sido intentada 456 veces
  • La puntuación promedio es 12 de 17
Answers on the Grid
Answers color-coded by a green-red scale on the quiz's grid according to % correct below.
China
Grecia
Brasil
Japón
Arabia Saudita
Ucrania
Kazajistán
Indonesia
España
Egipto
Mongolia
Catar
Rusia
Myanmar
Corea del Sur
Zambia
México
Omán
India
Argentina
Corea del Norte
Australia
Somalia
Maldivas
Turquía
Senegal
Filipinas
Cabo Verde
Malasia
Irán
Papúa Nueva Guinea
Canadá
 
Estadísticas de respuestas
Respuesta % Correcto
China
97%
Japón
89%
Kazajistán
85%
Arabia Saudita
82%
Indonesia
80%
Mongolia
77%
Catar
74%
Corea del Sur
69%
Myanmar
69%
Corea del Norte
61%
India
61%
Malasia
61%
Irán
60%
Omán
59%
Filipinas
58%
Maldivas
52%
Turquía
52%
No se encontraron pruebas coincidentes
Distribución de puntuación
Porcentaje de gente con cada puntuación
Porcentaje por número respondido
Historial de tus puntuaciones
No has intentado esta prueba.